[Event "Otvoreno prvenstvo Paraæina za 2012. god"]
[Site "DCK - Paraæin"]
[Date "2012.01.29"]
[Round "9.12"]
[White "Tosic, Dragoljub"]
[Black "Gagic, Miroljub"]
[Result "0-1"]
[WhiteElo "1997"]
[BlackElo "1883"]
[PlyCount "71"]
[EventDate "2012.01.20"]

1. d4 {[%emt 0:00:00]} d5 {[%emt 0:00:00]} 2. Nf3 {[%emt 0:00:00]} e6 {[%emt 0:
00:00]} 3. c4 {[%emt 0:00:00]} Nf6 {[%emt 0:00:00]} 4. Nc3 {[%emt 0:00:00]} Bb4
{[%emt 0:00:00]} 5. a3 {[%emt 0:00:00]} Bxc3+ {[%emt 0:00:00]} 6. bxc3 {[%emt
0:00:00]} c5 {[%emt 0:00:00]} 7. cxd5 {[%emt 0:00:00]} exd5 {[%emt 0:00:00]} 8.
Bg5 {[%emt 0:00:00]} Nbd7 {[%emt 0:00:00]} 9. Qa4 {[%emt 0:00:00]} O-O {[%emt
0:00:00]} 10. g3 {[%emt 0:00:00]} h6 {[%emt 0:00:00]} 11. Bxf6 {[%emt 0:00:00]}
Nxf6 {[%emt 0:00:00]} 12. dxc5 {[%emt 0:00:00]} Ne4 {[%emt 0:00:00]} 13. Qd4 {
[%emt 0:00:00]} Qa5 {[%emt 0:00:00]} 14. Qb4 {[%emt 0:00:00]} Qxc5 {[%emt 0:00:
00]} 15. Qxc5 {[%emt 0:00:00]} Nxc5 {[%emt 0:00:00]} 16. Nd2 {[%emt 0:00:00]}
Be6 {[%emt 0:00:00]} 17. Bg2 {[%emt 0:00:00]} Rac8 {[%emt 0:00:00]} 18. Rc1 {
[%emt 0:00:00]} Na4 {[%emt 0:00:00]} 19. Nb1 {[%emt 0:00:00]} Rc5 {[%emt 0:00:
00]} 20. e3 {[%emt 0:00:00]} Rfc8 {[%emt 0:00:00]} 21. Kd2 {[%emt 0:00:00]} b6
{[%emt 0:00:00]} 22. h3 {[%emt 0:00:00]} Bf5 {[%emt 0:00:00]} 23. Rhd1 {[%emt
0:00:00]} Bxb1 {[%emt 0:00:00]} 24. Rxb1 {[%emt 0:00:00]} Nxc3 {[%emt 0:00:00]}
25. Rb2 {[%emt 0:00:00]} Nxd1 {[%emt 0:00:00]} 26. Kxd1 {[%emt 0:00:00]} Rc1+ {
[%emt 0:00:00]} 27. Kd2 {[%emt 0:00:00]} R8c5 {[%emt 0:00:00]} 28. h4 {[%emt 0:
00:00]} Kf8 {[%emt 0:00:00]} 29. f4 {[%emt 0:00:00]} Ke7 {[%emt 0:00:00]} 30.
Bf3 {[%emt 0:00:00]} Kd6 {[%emt 0:00:00]} 31. Rb3 {[%emt 0:00:00]} R1c2+ {
[%emt 0:00:00]} 32. Kd3 {[%emt 0:00:00]} Rf2 {[%emt 0:00:00]} 33. Bd1 {[%emt 0:
00:00]} Rc1 {[%emt 0:00:00]} 34. Bg4 {[%emt 0:00:00]} Rcc2 {[%emt 0:00:00]} 35.
e4 {[%emt 0:00:00]} Rfd2+ {[%emt 0:00:00]} 36. Ke3 {[%emt 0:00:00]} 0-1

[Event "Otvoreno prvenstvo Paraæina za 2012. god"]
[Site "DCK - Paraæin"]
[Date "2012.01.29"]
[Round "9.16"]
[White "Rakic, Ognjan"]
[Black "Antic, Nenad"]
[Result "0-1"]
[WhiteElo "1762"]
[BlackElo "2066"]
[PlyCount "58"]
[EventDate "2012.01.20"]

1. e4 {[%emt 0:00:00]} e5 {[%emt 0:00:00]} 2. Nf3 {[%emt 0:00:00]} Nc6 {[%emt
0:00:00]} 3. d4 {[%emt 0:00:00]} exd4 {[%emt 0:00:00]} 4. Nxd4 {[%emt 0:00:00]}
Bc5 {[%emt 0:00:00]} 5. Be3 {[%emt 0:00:00]} Qf6 {[%emt 0:00:00]} 6. c3 {[%emt
0:00:00]} Nge7 {[%emt 0:00:00]} 7. Be2 {[%emt 0:00:00]} d5 {[%emt 0:00:00]} 8.
exd5 {[%emt 0:00:00]} Nxd5 {[%emt 0:00:00]} 9. O-O {[%emt 0:00:00]} Bxd4 {
[%emt 0:00:00]} 10. cxd4 {[%emt 0:00:00]} O-O {[%emt 0:00:00]} 11. Nc3 {[%emt
0:00:00]} Be6 {[%emt 0:00:00]} 12. Qd2 {[%emt 0:00:00]} h6 {[%emt 0:00:00]} 13.
Ne4 {[%emt 0:00:00]} Qe7 {[%emt 0:00:00]} 14. Ng3 {[%emt 0:00:00]} Rfe8 {[%emt
0:00:00]} 15. Bf3 {[%emt 0:00:00]} Rad8 {[%emt 0:00:00]} 16. a3 {[%emt 0:00:00]
} Nb6 {[%emt 0:00:00]} 17. Bxc6 {[%emt 0:00:00]} bxc6 {[%emt 0:00:00]} 18. Rfe1
{[%emt 0:00:00]} c5 {[%emt 0:00:00]} 19. Qc3 {[%emt 0:00:00]} cxd4 {[%emt 0:00:
00]} 20. Bxd4 {[%emt 0:00:00]} Na4 {[%emt 0:00:00]} 21. Qe3 {[%emt 0:00:00]}
Qd7 {[%emt 0:00:00]} 22. Rad1 {[%emt 0:00:00]} Bg4 {[%emt 0:00:00]} 23. Qf4 {
[%emt 0:00:00]} Bxd1 {[%emt 0:00:00]} 24. Rxd1 {[%emt 0:00:00]} c5 {[%emt 0:00:
00]} 25. Nf5 {[%emt 0:00:00]} cxd4 {[%emt 0:00:00]} 26. g4 {[%emt 0:00:00]} d3
{[%emt 0:00:00]} 27. h4 {[%emt 0:00:00]} d2 {[%emt 0:00:00]} 28. Ne3 {[%emt 0:
00:00]} Nxb2 {[%emt 0:00:00]} 29. g5 {[%emt 0:00:00]} Nxd1 {[%emt 0:00:00]} 0-1

[Event "Otvoreno prvenstvo Paraæina za 2012. god"]
[Site "DCK - Paraæin"]
[Date "2012.01.29"]
[Round "9.19"]
[White "Velikic, Vule"]
[Black "Lazovic, Bozidar"]
[Result "1/2-1/2"]
[WhiteElo "1828"]
[BlackElo "1779"]
[PlyCount "30"]
[EventDate "2012.01.20"]

1. d4 {[%emt 0:00:00]} d5 {[%emt 0:00:00]} 2. c4 {[%emt 0:00:00]} c6 {[%emt 0:
00:00]} 3. Nf3 {[%emt 0:00:00]} Nf6 {[%emt 0:00:00]} 4. Nc3 {[%emt 0:00:00]} e6
{[%emt 0:00:00]} 5. cxd5 {[%emt 0:00:00]} cxd5 {[%emt 0:00:00]} 6. e3 {[%emt 0:
00:00]} Nc6 {[%emt 0:00:00]} 7. Be2 {[%emt 0:00:00]} Be7 {[%emt 0:00:00]} 8.
O-O {[%emt 0:00:00]} O-O {[%emt 0:00:00]} 9. Bd2 {[%emt 0:00:00]} Bd7 {[%emt 0:
00:00]} 10. a3 {[%emt 0:00:00]} a6 {[%emt 0:00:00]} 11. Rc1 {[%emt 0:00:00]}
Rc8 {[%emt 0:00:00]} 12. b4 {[%emt 0:00:00]} b5 {[%emt 0:00:00]} 13. Qb3 {
[%emt 0:00:00]} Qb6 {[%emt 0:00:00]} 14. h3 {[%emt 0:00:00]} h6 {[%emt 0:00:00]
} 15. Rfe1 {[%emt 0:00:00]} Ne4 {[%emt 0:00:00]} 1/2-1/2